000 01322 a2200277 4500
003 dpl
005 20090306124110.0
008 090306t xxu||||| |||| 00| 0 eng d
010 _aTEL-4937
020 _c35.00
035 _aTL-3943
037 _bD.B.Act / Pub
040 _cdpl
082 _a294.5922
240 _aరామాయణం
_lతెలుగు
245 _aశ్రీమద్రామాయణము
_b:తేట తెలుగు వచనంలో-బొమ్మలతో /
_cవాల్మీకి;అక్షర వాచస్పతి దాశరథి రంగాచార్య
246 _aSrimad Ramayanam
_bby Valmiki
260 _aహైదరాబాద్
_bవిశాలాంధ్ర పబ్లిషింగ్ హౌస్
_c2008
270 _aవిజ్ఞాన భవన్,
_bహైదరాబాద్
_cఆంధ్ర ప్రధేశ్
_e500001
_mvisalaandhraph@yahoo.com
300 _a690 పే.
_c23 సెం.మీ.
546 _aIn Telugu
650 _aహాస్య నవల
700 _4రంగాచార్య, దాశరథి.
942 _cTL
_adpl
_2ddc
_h294.5922
999 _c676
_d676